Discographie 1PLIKE140 - Statistiques

Statistiques générales
  • Ce quiz a été pris 70 fois
    68 depuis la dernière actualisation
  • Le résultat moyen est 31 sur 79
Statistiques - réponses
Hint Réponse % Correct
1PLIKTOI 14
87%
1PLIKTOI Vol.2 LOPSA STORY
82%
1PLIKTOI Lossa Story
76%
Feat. Niska 140G
68%
ARRÊTEZ-LE ! Vol.2 CANADA
68%
P1 ICE SPICE
66%
1PLIKTOI La vie
63%
1PLIKTOI Lebara
63%
ARRÊTEZ-LE ! ARRETEZ-LE
61%
ARRÊTEZ-LE ! Vol.2 COMME BOU
61%
ARRÊTEZ-LE ! Vol.2 COMME BOU (Alternative Version)
61%
ARRÊTEZ-LE ! ONGBAK 2
61%
1PLIKTOI Sans refrain
61%
1PLIKTOI Dans mon assiette
58%
P1 DOUMBE
58%
1PLIKTOI Ma mission
58%
ARRÊTEZ-LE ! PICOLO
55%
1PLIKTOI Vol.2 NO HOOK
53%
ARRÊTEZ-LE ! NO HOOK 2
53%
ARRÊTEZ-LE ! BATMAN
50%
1PLIKTOI Vol.2 DOLCE VITA
50%
1PLIKTOI Vol.2 EST-CE QUE T'ASSUMES ?
50%
P1 MEGANE
50%
1PLIKTOI Cruel
47%
Feat. H.LA DROGUE Filon
47%
P1 GSP
47%
1PLIKTOI Mauvais tieks
47%
Single 1PLIKTOIBIEN
45%
1PLIKTOI Vol.2 BARRETTE DE 50
45%
1PLIKTOI Vol.2 DANS TON ENCEINTE
45%
ARRÊTEZ-LE ! BELEK
42%
1PLIKTOI Sale boulot
42%
ARRÊTEZ-LE ! Vol.2 CHIRAQ
39%
ARRÊTEZ-LE ! MARTY MCFLY
39%
ARRÊTEZ-LE ! NARCOS
39%
1PLIKTOI Vol.2 ENFERME
37%
P1 GASSAMA
37%
ARRÊTEZ-LE ! Vol.2 OMBRE
37%
ARRÊTEZ-LE ! Vol.2 P4
37%
Single BATARD#4
34%
ARRÊTEZ-LE ! Vol.2 BENEF
34%
1PLIKTOI Vol.2 CADENASSE
34%
Single Dans mon tiekson
34%
1PLIKTOI Vol.2 JUSTE A TEMPS
34%
Feat. Raplume Météorite
34%
Feat. REDVOLUTION Shevchenko
34%
ARRÊTEZ-LE ! Vol.2 SOMMEIL
34%
Single TRANQUILLEMENT
34%
1PLIKTOI Vol.2 ZERO CONNEXION
34%
ARRÊTEZ-LE ! Vol.2 EVENEMENT
32%
P1 INDEPENDANT
32%
ARRÊTEZ-LE ! Vol.2 PERSO
32%
ARRÊTEZ-LE ! Vol.2 REMONTADA
32%
Feat. Binks Beatz Pablo Picasso
29%
Feat. Fumez The Engineer Plugged In
29%
ARRÊTEZ-LE ! Vol.2 RECIT
29%
P1 VIE DE TONY
29%
ARRÊTEZ-LE ! Vol.2 DANS LES MAINS
26%
Feat. OBOY Maybach
26%
Feat. Stavo Roue libre
26%
P1 BRAV-M
24%
P1 HOMMAGE
24%
ARRÊTEZ-LE ! Vol.2 PLUS DE RÊVE
24%
P1 CRESCENDO
21%
Feat. MAPESS Filature
21%
P1 MOONWALK
21%
Single BLC
18%
Single Booska P1
18%
Single CALMEZ-VOUS
18%
P1 FUGITIF
18%
P1 J.LO
18%
P1 PETARD
18%
Single POISON
18%
P1 WU-TANG
18%
Single Cochi
16%
P1 COCKPIT
16%
Single NO LACKIN
11%
P1 NOTIF
11%
Single Rien n'est impossible
11%
Aucun quiz correspondant
Distribution des résultats
% des personnes avec chaque résultat
Percentile par nombre de réponses
Votre historique - résultats
Vous n’avez pas pris ce quiz depuis la dernière actualisation